000 00250nam a22001097a 4500
999 _c65153
_d65150
082 _a297.28 ب د ر
100 _aمولانا بدر عالم صاحب
245 _aترجمان السنۃ
260 _aکراچی
300 _a۴۹۶
942 _cBK